000 00666nam a22002057a 4500
003 0
005 20230830123603.0
008 230830b xxu||||| |||| 00| 0 eng d
020 _a971-10-1124-7
050 _aDS 688
_b.C68 2020
100 _aCouttie, Bob
245 _aHang the dogs : the true tragic history of the Balangiga massacre
_cBob Couttie
260 _aQuezon City
_bNew Day Publishers
_cc2020.
300 _axviii, 461 pages :
_bill. ;
_c23 cm.
500 _aBalangiga (Samar)--history.
504 _aIncludes bibliographical references and index.
650 _aBalangiga (Samar) - History -1901.
650 _aSamar History.
942 _2lcc
_cBK
999 _c365221
_d365221